000 00557nam a22001817a 4500
005 20251108173320.0
008 250721s2006 xx 000 0 ara d
082 1 4 _a791.45/مدن
100 1 _aالمدني، محمد جميل
_eمؤلف
245 1 0 _aالنمرود تمثيلية تلفزيونية مسلسلة /
264 1 _aعمان :
_bدائرةالمطبوعات للنشر،
_c2006.
300 _a90 ص.
650 1 7 _aقصص الأنبياء
650 1 7 _aالساميون
650 1 7 _aالعرب
942 _2ddc
_cREF
999 _c101053
_d101053